Trade with China

محفوظ في:
التفاصيل البيبلوغرافية
المؤلف الرئيسي: Hong Hai
التنسيق: كتاب
اللغة:Undetermined
منشور في: Singapore Times Books International 1953
الموضوعات:
الوسوم: إضافة وسم
لا توجد وسوم, كن أول من يضع وسما على هذه التسجيلة!
Thư viện lưu trữ: Trung tâm Học liệu Trường Đại học Cần Thơ
LEADER 00494nam a2200193Ia 4500
001 CTU_91476
008 210402s9999 xx 000 0 und d
082 |a 382 
082 |b H149 
100 |a Hong Hai 
245 0 |a Trade with China 
245 0 |c Hong Hai 
260 |a Singapore 
260 |b Times Books International 
260 |c 1953 
650 |a China 
650 |x Commerce,Handbooks, manuals, etc 
904 |i Tuyến 
980 |a Trung tâm Học liệu Trường Đại học Cần Thơ